Guess the 1960s song lyrics #154 - Statistics

General Stats
  • This quiz has been taken 12 times
  • The average score is 102 of 160
Answer Stats
Answer % Correct
can
100%
hear
100%
I
100%
me
100%
and
90%
And
90%
love
90%
my
90%
now
90%
That
90%
that
90%
The
90%
the
90%
up
90%
we
90%
you
90%
Are
80%
away
80%
gone
80%
in
80%
it
80%
never
80%
see
80%
was
80%
your
80%
am
70%
for
70%
I'll
70%
Just
70%
were
70%
angel
60%
But
60%
car
60%
What
60%
night
60%
out
60%
said
60%
still
60%
They
60%
they
60%
you're
60%
kiss
50%
above
40%
again
40%
found
40%
high
40%
life
40%
lips
40%
please
40%
taken
40%
Teen
40%
teen
40%
tight
40%
took
40%
went
40%
looking
30%
sweet
30%
They've
30%
today
30%
true
30%
Answer
20%
back
20%
buried
20%
Clutched
20%
fingers
20%
Mark Dinning
20%
own
20%
ring
20%
school
20%
sixteen
20%
somewhere
20%
fateful
10%
pulled
10%
railroad
10%
running
10%
safe
10%
stalled
10%
track
10%
Upon
10%
No matching quizzes found
Score Distribution
Percent of People with Each Score
Percentile by Number Answered
Your Score History
You have not taken this quiz